000
00313nam a22001457a 4500
008
210511b ||||| |||| 00| 0 eng d
020
_a
9780691010281
041
_a
eng
080
_a
94
082
_a
94
100
_a
16
101
_a
SHH
245
_a
States and Power in Africa
_c
Herbst,J
942
_2
udc
_c
BK
999
_c
57260
_d
57260